Normal view
MARC view
Entry Topical Term
001 - CONTROL NUMBER
- control field: 21119
003 - CONTROL NUMBER IDENTIFIER
- control field: ARRUPE
005 - DATE AND TIME OF LATEST TRANSACTION
- control field: 20151112155850.0
008 - FIXED-LENGTH DATA ELEMENTS
- fixed length control field: 151112|| aca||aabn | a|a d
040 ## - CATALOGING SOURCE
- Original cataloging agency: ARRUPE
- Transcribing agency: ARRUPE
150 ## - HEADING--TOPICAL TERM
- Topical term or geographic name as entry element: Families
- Geographic subdivision: England
- Geographic subdivision: London.
670 ## - SOURCE DATA FOUND
- Source citation: Work cat.: (ARRUPE)0: Young, Michael Dunlop, 1915-2002. 21118, Family and kinship in East London, 1962